Statistics for Four Letter European Geography #2

Click here to take the quiz!

General Stats

  • This quiz has been taken 263 times
  • The average score is 17 of 22

Answer Stats

ClueAnswer% Correct
Swiss capitalBern
99%
Scottish loch with a monsterNess
97%
Irish name for IrelandÉire
97%
Major active Sicilian volcanoEtna
97%
Initials of the Soviet UnionUSSR
96%
Pleasant city on the French RivieraNice
95%
Currency of Italy until 2002Lira
95%
Traditional Scottish lower body garmentKilt
93%
British spa town founded by the RomansBath
90%
German name of CologneKöln
88%
Capital of West GermanyBonn
86%
Iceland's top exportFish
85%
Musical instrument that represents IrelandHarp
80%
Italian lake for the rich and famousComo
78%
River upon which Stratford sitsAvon
78%
Old Slavic word for a town; many
Russian cities end with it
Grad
70%
Second largest ethnic group in GermanyTurk
57%
Portuguese version of "John"João
52%
Second-biggest city in AustriaGraz
40%
Most populous city in northwestern UkraineLviv
30%
Center of the Polish film industryŁódź
28%
German canal that connects the
Baltic and North Seas
Kiel
24%

Score Distribution

Percentile by Number Answered

Percent of People with Each Score

Your Score History

You have not taken this quiz